[Event "Hampshire Individual Championship 1969"]
[Site "Southampton"]
[Date "1968.10.17"]
[Round "6"]
[White "Collins, Peter M"]
[Black "Saverymuttu, Seth"]
[Result "1/2-1/2"]
[WhiteElo "177"]
[BlackElo "185"]
[Annotator "Graham Stuart"]
[PlyCount "74"]
[EventDate "1698.10.11"]
[EventType "swiss"]
[EventRounds "10"]
[EventCountry "ENG"]

{[%evp 0,72,25,26,21,-10,11,19,36,19,42,33,30,-18,60,20,54,19,42,32,20,27,36,38,59,46,68,68,66,41,49,41,54,104,62,118,92,87,113,107,155,75,75,-86,-86,-86,-86,-86,-86,-105,8,-36,16,-89,0,-72,7,-99,-65,-170,130,130,114,142,142,131,102,-626,0,0,583,0,485,418,578]} 1. d4 {This is a very complicated game and the computer spots a lot of good moves, but trying to find them is not easy. This would be compounded in time trouble. The game is worth playing through and Peter Collins is the first player to take any points from Seth Saverymuttu.} d5 2. g3 e6 3. Bg2 Bd6 4. Nf3 Nd7 5. O-O Ngf6 6. c3 Ne4 7. Qc2 f5 8. Nbd2 O-O 9. c4 c6 10. b3 Ndf6 11. Bb2 Bd7 12. Ne5 Be8 13. f3 Ng5 14. e4 $6 {Now there is a complicated position with many pawn and piece captures to be calculated. But this push does swing the position in Black's favour.} (14. e3 {May be a safer option.}) 14... dxe4 15. fxe4 c5 $2 {Black makes a misstep.} (15... Ngxe4 16. Nxe4 fxe4 17. Rae1) 16. exf5 cxd4 17. Bxd4 exf5 $2 (17... Bxe5 18. Bxe5 Ng4) 18. Rae1 $2 (18. c5 $1 Bxe5 19. Bxe5 Bb5 20. Nc4 $16) 18... Ne6 (18... Bxe5 $11) 19. Bf2 f4 20. Qf5 $2 (20. Bxb7 {This is a safe pawn to take.} Rb8 21. Bg2) 20... Nc5 21. Ng4 $2 Nfe4 $1 22. Qxf8+ {The best option and although Black is better with the Rook and Knight for the Queen White still has chances.} Bxf8 23. Nxe4 Nxe4 24. Bxe4 Qg5 (24... Bb4) 25. Bd5+ Kh8 $2 (25... Bf7 26. Bxb7 Rb8 27. Bf3) 26. h3 (26. Ne5 $1) 26... Bd6 (26... Bc6) 27. Re6 Bc7 $2 (27... fxg3 28. Be3 Qd8 29. Nh6 Qc7 30. Bd4 Bc5 31. Kg2) 28. Rfe1 $2 (28. Nh6 $3 {A killer move!} Bh5 (28... gxh6 29. Bd4+ Be5 30. Bxe5+ Qxe5 31. Rxe5)) 28... Bg6 29. Bd4 h5 30. Re7 Bb6 31. Bxb6 axb6 32. R1e5 Bf5 33. Be6 hxg4 34. Bxf5 g6 $1 {The only drawing move.} 35. Bxg4 (35. Bc8 Qh6 $11) 35... Qf6 36. R7e6 Qf7 37. Re7 Qf6 1/2-1/2

[Event "Hampshire Individual Championship 1969"]
[Site "Southampton"]
[Date "1968.10.17"]
[Round "6"]
[White "Johnson, MW."]
[Black "Barton, AC."]
[Result "1/2-1/2"]
[WhiteElo "150"]
[BlackElo "181"]
[Annotator "Graham Stuart"]
[PlyCount "50"]
[EventDate "1698.10.11"]
[EventType "swiss"]
[EventRounds "10"]
[EventCountry "ENG"]

{[%evp 0,50,25,25,18,18,16,18,14,19,19,16,16,12,11,11,38,34,46,15,46,48,63,65,65,30,30,33,47,52,46,0,0,-2,-24,0,0,-52,-29,-19,-39,-26,-12,-12,0,-81,-90,-83,60,68,63,50,50]} 1. e4 e5 2. Nf3 Nf6 3. Nc3 Nc6 4. d4 exd4 5. Nxd4 Bb4 6. Nxc6 bxc6 7. Bd3 h6 8. O-O d6 9. Ne2 Bg4 10. Be3 Bxe2 11. Qxe2 O-O 12. f4 Re8 13. Qf3 Qe7 14. c3 Ba5 15. e5 $2 {It is too early to push the e pawn and White's advantage evaporates. White could have been tempted with this move as he can swap the e and f pawns for Black's d and h pawn. Although Black has double isolated pawns this does not prove to cause any issues.} (15. Rae1 $16 Qd7 (15... Bb6 16. e5 Bxe3+ 17. Rxe3 $16) 16. Bd4) 15... dxe5 16. fxe5 Qxe5 17. Bxh6 Rad8 18. Bc2 gxh6 19. Qxf6 Qxf6 20. Rxf6 Rd2 21. Bb3 Ree2 22. Rxf7 Rxg2+ 23. Kf1 Kh8 24. Re1 Rg7 25. Rxg7 Kxg7 {This position offers no chances for either side.} (25... Kxg7 26. Re2 (26. Re7+ Kf8 27. Re2 Rxe2 28. Kxe2 $11) 26... Rxe2 27. Kxe2 Bb6 28. Kd3 Kf6 $11) 1/2-1/2

[Event "Hampshire Individual Championship 1969"]
[Site "Southampton"]
[Date "1968.10.18"]
[Round "7"]
[White "Collins, Peter M"]
[Black "Bennett, Gerald H"]
[Result "1-0"]
[WhiteElo "177"]
[BlackElo "184"]
[Annotator "Graham Stuart"]
[PlyCount "65"]
[EventDate "1698.10.11"]
[EventType "swiss"]
[EventRounds "10"]
[EventCountry "ENG"]

{[%evp 0,65,19,34,29,4,14,42,44,45,48,34,34,37,44,39,85,70,72,61,56,46,62,54,58,50,89,68,85,80,105,67,86,62,67,90,90,54,52,50,84,31,25,30,34,29,29,29,233,200,194,221,218,221,253,177,196,175,211,222,218,218,218,205,374,382,397,447]} 1. d4 Nf6 2. c4 c5 3. d5 d6 4. Nc3 g6 5. e4 Bg7 6. Be2 O-O 7. Nf3 e6 8. O-O exd5 9. exd5 Re8 10. h3 Nbd7 (10... Bf5 {Maybe best to play this before moving the Knight.}) 11. Be3 a6 12. Qd2 Rb8 13. a4 b6 14. Rfe1 Rb7 15. Bd3 Ne5 16. Nxe5 Rxe5 17. Bg5 Rbe7 18. Rxe5 Rxe5 19. Rf1 Bf5 20. f4 Re8 21. g4 Bxd3 22. Qxd3 Qe7 23. Kg2 Qe3 $2 {It would seem sensible to play this, but this proves to be a blunder.} (23... h6 24. Bh4 Qe3 25. Qxe3 Rxe3 26. Re1 Rxe1 27. Bxe1 $11) 24. Qxe3 Rxe3 25. f5 $1 {This is why Black had to kick the Bishop away earlier, as the discovered attack on the Rook is very strong.} Rxc3 {Black has to try this.} (25... Re5 26. Bxf6 Bxf6 27. fxg6 Kg7 28. gxh7 Re8 29. Ne4) 26. bxc3 Ne4 27. Bd8 Bxc3 28. Bxb6 Nd2 29. Rc1 Be5 30. Rc2 Nb3 31. Re2 gxf5 32. Rxe5 $1 {Giving the exchange back is the easiest way to convert.} dxe5 33. d6 (33. d6 Nd4 34. d7 Nc6 35. gxf5 e4 36. d8=Q+ Nxd8 37. Bxd8) 1-0

[Event "Hampshire Individual Championship 1969"]
[Site "Southampton"]
[Date "1968.10.18"]
[Round "7"]
[White "Saverymuttu, Seth"]
[Black "Bramer, MA."]
[Result "1-0"]
[WhiteElo "173"]
[BlackElo "185"]
[Annotator "Graham Stuart"]
[PlyCount "45"]
[EventDate "1698.10.11"]
[EventType "swiss"]
[EventRounds "10"]
[EventCountry "ENG"]

1. e4 {MA Bramer was rated 173 but after a mistep on move 8 he could have resigned.} d6 2. d4 g6 3. Nc3 Bg7 4. h4 c5 5. dxc5 dxc5 6. Bb5+ Bd7 7. Bc4 Bxc3+ 8. bxc3 b5 $4 {An ill advised push, White is now winning.} 9. Qd5 bxc4 10. Qxa8 {Black is one exchange down.} Qc7 11. Rb1 Bc6 12. Qxb8+ Qxb8 13. Rxb8+ {Black is now a whole rook down and could resign, but no-one likes to resign after 13 moves.} Kd7 14. Bh6 Kc7 15. Rf8 Nxh6 16. Rxh8 {Black is now one rook and one exchange down.} Bxe4 17. Rxh7 Ng4 18. f3 Nf6 19. fxe4 Nxh7 20. e5 {White gives back the exchange to ensure no complications.} Kc6 21. Nf3 Nf8 22. g4 Ne6 23. h5 {And Black finally throws in the towel!} 1-0

[Event "Hampshire Individual Championship 1969"]
[Site "Southampton"]
[Date "1968.10.18"]
[Round "8"]
[White "Vine, Leslie Edward"]
[Black "Saverymuttu, Seth"]
[Result "0-1"]
[WhiteElo "165"]
[BlackElo "185"]
[Annotator "Graham Stuart"]
[PlyCount "58"]
[EventDate "1698.10.11"]
[EventType "swiss"]
[EventRounds "10"]
[EventCountry "ENG"]

{[%evp 0,58,15,12,40,46,46,13,13,11,9,9,13,1,1,-20,-16,-19,-44,-60,-51,-73,-64,-294,-386,-442,-448,-448,-294,-295,-295,-733,-162,-625,-625,-639,-794,-794,-794,-794,-796,-796,-796,-796,-796,-796,-796,-796,-796,-796,-796,-796,-761,-796,-650,-29991,-29992,-29993,-29994,-29995,-29996]} 1. e4 {In this game the veteran Hampshire player Leslie Vine gets his King stuck in the middle of the board after allowing an exchange sacrifice. Saverymuttu cleans up nicely.} c5 2. Nf3 e6 3. c4 Nc6 4. d4 cxd4 5. Nxd4 Nf6 6. Nc3 Bb4 7. f3 O-O 8. Be3 d5 9. cxd5 exd5 10. Nxc6 bxc6 11. exd5 $4 Re8 12. Kf2 Rxe3 $1 13. Kxe3 Qe7+ 14. Kd2 Nxd5 15. Bd3 Bf5 16. Bxf5 Bxc3+ 17. bxc3 Qe3+ {The Queen and Knight normally work together well and with the Rook on a8 about to join the attack the end is not far away.} 18. Kc2 Qxc3+ 19. Kb1 Rb8+ 20. Qb3 Rxb3+ 21. axb3 Qxb3+ 22. Kc1 Qc4+ 23. Kb2 Qb4+ 24. Kc1 Qf4+ 25. Kb2 Qe5+ 26. Kb3 Qxf5 27. Rhe1 Qd3+ 28. Kb2 Qd2+ 29. Kb3 Qc3+ {Mate in 2.} (29... Qc3+ 30. Ka2 Nb4+ 31. Kb1 Qc2#) 0-1

[Event "Hampshire Individual Championship 1969"]
[Site "Southampton"]
[Date "1968.10.19"]
[Round "9"]
[White "Barton, AC."]
[Black "Saverymuttu, Seth"]
[Result "1/2-1/2"]
[WhiteElo "181"]
[BlackElo "185"]
[Annotator "Graham Stuart"]
[PlyCount "58"]
[EventDate "1698.10.11"]
[EventType "swiss"]
[EventRounds "10"]
[EventCountry "ENG"]

{[%evp 0,58,62,23,10,18,10,3,3,5,5,13,16,18,24,-21,-4,-50,-34,-49,-42,-39,-3,-3,3,-10,-1,-36,3,13,16,16,16,31,22,-4,-14,-15,33,6,20,3,45,6,17,2,9,1,28,-45,-52,-79,-65,-120,0,0,0,0,0,0,0]} 1. e4 e5 2. Nf3 Nc6 3. Bc4 Bc5 4. Nc3 Nf6 5. d3 d6 6. Bg5 Be6 7. Qd2 h6 8. Bh4 a6 9. a3 Nd4 10. Nxd4 exd4 11. Nd5 g5 12. Nxf6+ Qxf6 13. Bg3 O-O-O 14. O-O-O d5 15. exd5 Bxd5 16. Bxd5 Rxd5 17. Qa5 Qc6 18. Qd2 b5 (18... f5 {Maybe best to push on the Kingside.} 19. f4 g4) 19. b4 Be7 20. Kb2 Qd7 21. Rhe1 Rd8 22. Re2 c5 23. Rde1 Bf8 24. bxc5 Rxc5 25. Qa5 Qc6 {Black is now much better.} 26. Re8 Rxe8 $2 {This allows White to draw with a nice combination.} (26... Rxc2+ $1 {Not taking the Rook straigh away, but playing Rxc2+ first mean Black can still be a rook up but there is no repeating postiion for White.} 27. Kb1 Rxe8 28. Rxe8+ Kb7 $19) 27. Rxe8+ Qxe8 28. Qxa6+ Kd8 29. Qb6+ Kd7 (29... Kd7 30. Qb7+ Ke6 31. Qe4+ Kd7 32. Qb7+ Ke6) 1/2-1/2

[Event "Hampshire Individual Championship 1969"]
[Site "Southampton"]
[Date "1968.10.19"]
[Round "9"]
[White "Cowling, Terry"]
[Black "Collins, Peter M"]
[Result "1/2-1/2"]
[WhiteElo "179"]
[BlackElo "177"]
[Annotator "Graham Stuart"]
[PlyCount "85"]
[EventDate "1698.10.11"]
[EventType "swiss"]
[EventRounds "10"]
[EventCountry "ENG"]

{[%evp 0,85,25,26,13,17,29,25,36,13,12,-5,-8,-16,-24,-26,-4,-81,-81,-59,-59,-62,-58,-124,-118,-118,-139,-169,-132,-118,-168,-169,5,-13,11,0,-15,-137,-243,-265,-61,-67,-68,-65,-65,-70,-70,-65,-65,-65,-73,-66,-68,-75,-74,-74,-76,-76,-76,-76,-60,-89,-84,-88,-84,-86,-84,-79,-79,-126,-132,-125,-129,-129,-120,-124,-105,-112,-116,-103,-103,-110,-112,-120,-120,-145,-120,-120]} 1. d4 d5 2. Bf4 Nf6 3. e3 Bf5 4. Nf3 e6 5. Be2 Bd6 6. Nbd2 Bxf4 7. exf4 O-O 8. Nf1 Qd6 9. Qc1 c5 10. c3 Nc6 11. Ng3 cxd4 12. Nxf5 exf5 13. Nxd4 Nxd4 14. cxd4 Rfe8 15. Qd1 Rxe2+ $6 (15... Qb4+ 16. Qd2 Qxd2+ 17. Kxd2 Ne4+ 18. Ke1 Rac8 {Would be a clear advantage for Black.}) 16. Kxe2 Qxf4 17. f3 $6 (17. Qd2 Qg4+ 18. Kf1 Ne4 $11) 17... Re8+ 18. Kd3 Qe3+ {Black is now winning again.} 19. Kc2 Ne4 $2 {One move too soon.} (19... Rc8+ $1 20. Kb1 Ne4 21. a3 (21. fxe4 {If fxe4 is played then White is being mated.} Qxe4+ 22. Qc2 Qxc2#) 21... Nf2 22. Qa4 (22. Qg1 Qd3+ 23. Ka2 Qc4+ 24. Kb1 Qc2+ 25. Ka2 Nd3)) 20. Rc1 {White's King can hide away on a1 if the rook checks now.} Nf2 (20... Rc8+ $4 {White is now winning.} 21. Kb1 $18) 21. Qd2 Nxh1 22. Qxe3 Rxe3 23. Kd2 Re8 24. Rxh1 f6 {Despite the extra pawn this is only a very small advantage for Black.} 25. Rc1 Kf7 26. Rc5 Ke6 27. Rc7 Re7 28. Rc8 (28. Rxe7+ {Best to swap rooks as then very difficult for Black to make any progress.} Kxe7 29. Kc3 Kd6 30. Kb4 $11) 28... f4 29. Rd8 g5 30. h3 h5 31. Rh8 h4 32. Rd8 a6 33. Kd3 Rc7 34. Kd2 (34. Re8+) 34... Rc4 $2 {Black is now clearly better.} 35. Kd3 Rc1 36. Re8+ Kd7 37. Re2 Rc4 38. Re1 b5 39. b3 Rc6 40. Kd2 a5 41. Rb1 b4 42. Re1 Rc3 43. Rb1 {If I have entered this correctly this seems as if Black agreed a draw in a much better position? But it may have also gone to adjudication when it would have been difficult to have the win awarded?} (43. Rb1 {Black can eventually either win a pawn of push on the Kingside.} Rc8 44. Rb2 Re8 45. Kd1 Ra8 46. Kc1 a4 47. Kd2 axb3 48. axb3 Re8 49. Ra2 Re3 50. Rb2 f5 51. Rb1 Kd6 52. Rb2 Ke6 53. Rb1 Kf6 54. Rb2 g4 55. fxg4 fxg4 56. hxg4 Kg5 57. Rb1 Kxg4 $19) 1/2-1/2

[Event "Hampshire Individual Championship 1969"]
[Site "Southampton"]
[Date "1968.10.19"]
[Round "10"]
[White "Hunt, JA."]
[Black "Johnson, MW."]
[Result "0-1"]
[WhiteElo "100"]
[BlackElo "150"]
[Annotator "Graham Stuart"]
[PlyCount "38"]
[EventDate "1698.10.11"]
[EventType "swiss"]
[EventRounds "10"]
[EventCountry "ENG"]

1. d4 {A game from the lowest graded player. Mr Hunt was doing ok, but he went a bit too far with his Queen and looks like he blundered this at the end.} d5 2. c4 c6 3. Nc3 Nf6 4. Nf3 dxc4 5. Bg5 Nd5 6. e4 Nxc3 7. bxc3 b5 8. h3 Qc7 9. Be2 e6 10. Qd2 Be7 11. O-O Nd7 12. Bxe7 Kxe7 13. Qg5+ Kf8 {White has a small advantage.} 14. Rad1 (14. a4) 14... h6 15. Qh4 Bb7 16. Rd2 g6 17. Rfd1 Kg7 $15 18. Kf1 $2 (18. Ne5 Nxe5 19. dxe5 Qxe5 20. Qe7 $15) 18... g5 19. Qh5 Nb6 (19... Nf6 {The Queen has no squares! Game gives N-N3, I am sure it would have been N-B3 (f6) as White resigned and makes no sense why he would have done this.}) 0-1

[Event "Hampshire Individual Championship 1969"]
[Site "Southampton"]
[Date "1968.10.19"]
[Round "10"]
[White "Stenhouse, Iain"]
[Black "Bennett, Gerald H"]
[Result "0-1"]
[WhiteElo "154"]
[BlackElo "184"]
[Annotator "Graham Stuart"]
[PlyCount "72"]
[EventDate "1698.10.11"]
[EventType "swiss"]
[EventRounds "10"]
[EventCountry "ENG"]

{[%evp 0,72,22,15,20,-8,38,43,37,56,83,77,86,78,120,100,92,75,66,56,62,50,43,24,24,32,72,41,36,48,37,15,67,34,32,-30,-49,-58,54,52,58,-18,-18,-18,-21,-98,-46,-89,-25,-125,-99,-151,-151,-151,-151,-130,-148,-231,-236,-224,-237,-471,-477,-940,-889,-1485,-1466,-1466,-1533,-29993,-29988,-29991,-29992,-29999,-30000]} 1. d4 {A great finish by Gerald Bennett. Always enjoyable to finish the tournament with an attractive win. Gerald would need to wait until 1973 for his first Individual championship.} Nf6 2. c4 c5 3. d5 e6 4. Nc3 exd5 5. cxd5 d6 6. e4 g6 7. Nf3 Bg7 8. Bc4 O-O 9. O-O a6 10. a4 Bg4 11. h3 Bxf3 12. Qxf3 Nfd7 13. Qe2 Re8 14. Re1 f5 15. Qc2 (15. Qd1 {Is Stockfish's move, where it states White is much better. In normal chess I am not sure this is always the case as Black seems to have a lot of attacking ideas, despite not having his White square Bishop.}) 15... Ne5 16. Bf1 Qh4 17. Re3 $2 (17. Ra3 {Are better options.}) (17. Ne2) 17... f4 $1 18. g3 Qf6 $6 (18... Qg5 $1 $17) 19. gxf4 $14 Qxf4 20. Rg3 (20. Bg2) 20... Nf3+ 21. Kh1 Qf7 22. Be3 Nd7 23. Bg2 Nde5 $6 (23... Nd4 $1 24. Qd1 Be5 {Black does get his Bishop to e5 later, but this is the structure Black wishes to get.}) 24. Qe2 $2 (24. Rf1 $11) 24... Rf8 (24... Nd4) 25. Bxf3 (25. Rf1 {f2 needs to be protected.}) 25... Nxf3 26. Kg2 Nh4+ 27. Kh1 Be5 28. Rg4 Nf3 29. Bh6 Nd4 30. Qd1 Qxf2 {Black is now easily winning with his co-ordinated position. Not a problem to sac the exchange.} 31. Rg2 Qh4 32. Bxf8 Qxh3+ 33. Kg1 Rxf8 34. Rf2 Nf3+ (34... Rxf2 35. Kxf2 Bg3+ {Is slightly quicker, but the move played forces mate as well.} 36. Ke3 Be1+ 37. Qf3 Qxf3#) 35. Rxf3 Rxf3 36. Ne2 Qh2# 0-1

[Event "Hampshire Individual Championship 1969"]
[Site "Southampton"]
[Date "1968.10.11"]
[Round "2"]
[White "Vine, Leslie Edward"]
[Black "Cowling, Terry"]
[Result "0-1"]
[WhiteElo "165"]
[BlackElo "179"]
[Annotator "Graham Stuart"]
[PlyCount "98"]
[EventDate "1698.10.11"]
[EventType "swiss"]
[EventRounds "10"]
[EventCountry "ENG"]

{[%evp 0,20,19,29,50,43,30,14,14,-3,-7,-7,5,-8,-6,-42,-45,-43,44,23,25,22,41]} 1. e4 {Good to see a nicely played French by Terry Cowling.} e6 2. d4 d5 3. e5 c5 4. c3 Nc6 5. Nf3 Qb6 6. Bd3 Bd7 7. O-O cxd4 8. cxd4 a6 (8... Nxd4 9. Nxd4 Qxd4 10. Nc3 {Although this is played a lot, I always think White gets excellent compensation for the pawn.}) 9. Bc2 Nge7 10. Nc3 Ng6 11. a3 Na5 12. b4 Nc4 {The computer loves White's postion.} 13. Na4 Qc7 14. Nc5 b6 15. Nd3 Be7 16. Ra2 {White wishes to move the Rook to c2 via a2, but maybe the direct h4 or a4 was better?} (16. h4) (16. a4) 16... a5 17. Bb3 {To swing the Rook over, but this looks the wrong idea.} (17. bxa5 Rxa5) 17... O-O 18. Rc2 Rfc8 19. Bxc4 $2 {This allows Black more space for his constricted pieces and he now has an excellent position.} dxc4 20. Nb2 c3 21. Qd3 axb4 22. axb4 Bxb4 23. Nd1 Ba4 {The Bishops dominate and the passed c pawn is very safe.} 24. Ra2 Qc6 25. Qe3 Bb5 26. Rxa8 Rxa8 27. d5 Qxd5 28. Re1 Rc8 29. Qxb6 Bc5 30. Qa5 Qb3 31. Ne3 Ne7 32. h4 Nc6 33. Qa1 Nb4 34. Rd1 h6 35. Ne1 Bc6 36. Qa3 Qxa3 (36... Ba4 37. Qxb3 Bxb3 38. Rd7 Ba4 {Would have been cleaner.}) 37. Bxa3 Ba4 38. Ra1 c2 {This allows White a chance, but with move 40 being close it maybe that both players were short of time?} (38... Bxe3 39. fxe3 c2 40. Kf2 Bb3) 39. Bc1 (39. Bxb4 Bxe3 40. Nxc2 Bxf2+ 41. Kxf2 Rxc2+ {Dispite two extra pawns this would not be that easy to win with the opposite colour bishops.}) 39... Bb3 40. Ra5 Na2 41. Nd3 Bb4 {Another mistep by Black} (41... Bxe3) 42. Rxa2 Bxa2 43. Nxb4 Bb3 44. Kf1 Rd8 45. Ke2 Rd1 46. Ba3 $2 (46. Nd3 $11 Ba4 47. f3 {Not sure Black can make any progress from this position?}) 46... c1=Q 47. Bxc1 Rxc1 48. Kd2 Rc8 49. Nd3 Ba4 0-1